| 000 | 01026nam a2200121Ia 4500 | ||
|---|---|---|---|
| 008 | 220620s9999||||xx |||||||||||||| ||und|| | ||
| 100 | _aReinisch, Jessica | ||
| 245 | 0 |
_aChapter 8 The Forgotten Zone: Public Health Work in the French Occupation Zone _bThe Public Health Crisis in Occupied Germany |
|
| 546 | _aEnglish[eng] | ||
| 650 | _apost-war germany||public health||world war ii | ||
| 856 | _uhttps://library.oapen.org/bitstream/20.500.12657/29904/1/The%20Forgotten%20Zone_%20Public%20Health%20Work%20in%20the%20French%20Occupation%20Zone%20-%20The%20Perils%20of%20Peace%20-%20NCBI%20Bookshelf.pdf||https://library.oapen.org/bitstream/20.500.12657/29904/1/The%20Forgotten%20Zone_%20Public%20Health%20Work%20in%20the%20French%20Occupation%20Zone%20-%20The%20Perils%20of%20Peace%20-%20NCBI%20Bookshelf.pdf||https://library.oapen.org/bitstream/20.500.12657/29904/1/The%20Forgotten%20Zone_%20Public%20Health%20Work%20in%20the%20French%20Occupation%20Zone%20-%20The%20Perils%20of%20Peace%20-%20NCBI%20Bookshelf.pdf | ||
| 942 | _cEB | ||
| 999 |
_c29861 _d29861 |
||